[Event "25th Czech Rapid G1 2014"]
[Site "Pardubice CZE"]
[Date "2014.07.17"]
[Round "4.35"]
[White "Reutsky, Sergei"]
[Black "Gergel, Vladimir P"]
[Result "1-0"]
[WhiteTitle "IM"]
[BlackTitle "FM"]
[WhiteElo "2387"]
[BlackElo "2227"]
[WhiteFideId "4157419"]
[BlackFideId "14100550"]
[EventDate "2014.07.16"]

1. e4 e5 2. Nf3 Nc6 3. Nc3 Nf6 4. Be2 d6 5. O-O Be7 6. d4 O-O 7. h3 h6 8. Re1 a6
9. Bf1 Bd7 10. Be3 exd4 11. Nxd4 Nxd4 12. Qxd4 Bc6 13. Rad1 Nd7 14. Nd5 Bf6 15.
Nxf6+ Qxf6 16. Qxf6 Nxf6 17. f3 Rfe8 18. Bd4 Nh5 19. Kf2 Nf4 20. g3 Ne6 21. Be3
a5 22. h4 b6 23. Bc4 a4 24. a3 Nc5 25. Bd4 Nd7 26. g4 Kf8 27. h5 Ne5 28. Be2 b5
29. Rg1 f6 30. Bc3 Nc4 31. Bxc4 bxc4 32. Rd4 Bb5 33. f4 Re7 34. g5 fxg5 35. fxg5
Rf7+ 36. Ke3 Ke7 37. Rd5 Bc6 38. Rf5 Re8 39. gxh6 Rxf5 40. exf5 Kf7+ 41. Kd2
gxh6 42. Rg7+ Kf8 43. Rxc7 Be4 44. Bg7+ Kg8 45. f6 Bd5 46. Bxh6 Bf7 47. Bf4 Bxh5
48. Rg7+ Kh8 49. Rd7 Kg8 50. Bxd6 Bf7 51. Be7 Kh7 52. Rd8 Rxd8+ 53. Bxd8 Kg6 54.
Kc3 Kf5 55. Kb4 Ke4 56. Kxa4 c3 57. bxc3 Kd5 58. Kb5 Be8+ 59. Kb6 Ke6 60. c4 Ba4
61. c5 1-0

[Event "25th Czech Rapid G1 2014"]
[Site "Pardubice CZE"]
[Date "2014.07.17"]
[Round "4.36"]
[White "Shuvalova, Polina"]
[Black "Novotny, Michal"]
[Result "0-1"]
[WhiteTitle "WFM"]
[BlackTitle "FM"]
[WhiteElo "2108"]
[BlackElo "2354"]
[WhiteFideId "24171760"]
[BlackFideId "310980"]
[EventDate "2014.07.16"]

1. e4 e6 2. d4 d5 3. Nd2 Be7 4. Bd3 c5 5. exd5 Qxd5 6. Ngf3 cxd4 7. Bc4 Qd6 8.
O-O Nc6 9. Nb3 e5 10. Re1 Bg4 11. h3 Bh5 12. Bb5 f6 13. Qe2 O-O-O 14. c3 d3 15.
Qe3 Qd5 16. c4 Qd6 17. Bxc6 Qxc6 18. Qxa7 Bxf3 19. gxf3 Qxf3 20. Be3 Nh6 21. c5
Kd7 22. Qa4+ Qc6 23. Qc4 Nf5 24. Qxd3+ Ke6 25. Qc4+ Qd5 26. Qe2 Nh4 27. Qg4+ f5
28. Qg3 Nf3+ 29. Kf1 Nxe1 30. Rxe1 Kf7 31. f4 Rhf8 32. fxe5 Qc4+ 33. Kg2 Bh4 34.
Qf3 Bxe1 35. Qxf5+ Kg8 36. Qh5 Qe4+ 37. Kh2 Qxe3 0-1

[Event "25th Czech Rapid G1 2014"]
[Site "Pardubice CZE"]
[Date "2014.07.17"]
[Round "4.37"]
[White "Krapivin, Vladislav"]
[Black "Bjornsson, Tomas"]
[Result "1/2-1/2"]
[WhiteTitle "IM"]
[BlackTitle "FM"]
[WhiteElo "2321"]
[BlackElo "2144"]
[WhiteFideId "4126149"]
[BlackFideId "2300303"]
[EventDate "2014.07.16"]

1. e4 c5 2. Nc3 Nc6 3. g3 g6 4. Bg2 Bg7 5. d3 d6 6. f4 e6 7. Nf3 Nge7 8. O-O O-O
9. Be3 Rb8 10. Bf2 f5 11. Re1 h6 12. d4 cxd4 13. Nxd4 Nxd4 14. Bxd4 e5 15. Bxa7
Ra8 16. Be3 exf4 17. Bxf4 Qb6+ 18. Kh1 Qxb2 19. Nd5 Nxd5 20. Qxd5+ Kh7 21. Bxd6
Re8 22. e5 Be6 23. Qxb7 Qxc2 24. Rac1 Qd2 25. Bb4 Qb2 26. Rc7 Rg8 27. a3 Rad8
28. Bd6 Qd2 29. Qb4 Qd3 30. Qb1 Qd2 31. Rc2 Qd3 32. Rd1 Qe3 33. Qc1 Qb3 34. Rc3
Qb5 35. Rc5 Qb3 36. Rc7 Rc8 37. Qb1 Qe3 38. Re1 Qd2 39. Qb4 Qd3 40. Qb7 Rxc7 41.
Bxc7 Qxa3 42. Qc6 Qb3 43. Bd6 Rc8 44. Qb7 Qa2 45. Be7 Qb3 46. Qxb3 Bxb3 47. Bd6
Be6 48. Rb1 Rc2 49. h4 Re2 50. Rb5 g5 51. h5 f4 52. gxf4 gxf4 53. Bf3 Re3 54.
Kg2 Kg8 55. Kf2 Kf7 56. Rb7+ Kg8 57. Re7 Bf7 58. Bg4 Bf8 59. Ra7 Rxe5 60. Bxe5
Bc5+ 61. Kf3 Bxa7 62. Kxf4 Bd5 63. Bf5 Bc5 64. Bg6 Bf7 65. Kf5 Bxg6+ 66. Kxg6
Be3 67. Bg7 Bd2 68. Bxh6 Bxh6 69. Kxh6 Kh8 70. Kg6 Kg8 71. h6 Kh8 72. h7 1/2-1/2

[Event "25th Czech Rapid G1 2014"]
[Site "Pardubice CZE"]
[Date "2014.07.17"]
[Round "4.38"]
[White "Mojzis, Jaroslav"]
[Black "Westerberg, Jonathan"]
[Result "0-1"]
[WhiteTitle "FM"]
[BlackTitle "FM"]
[WhiteElo "2137"]
[BlackElo "2412"]
[WhiteFideId "302325"]
[BlackFideId "1701754"]
[EventDate "2014.07.16"]

1. Nf3 f5 2. g3 Nf6 3. Bg2 d6 4. d4 e6 5. c4 Be7 6. Nc3 O-O 7. Qc2 a5 8. O-O Nc6
9. e4 Nb4 10. Qe2 fxe4 11. Nxe4 Nxe4 12. Qxe4 e5 13. Ne1 exd4 14. Qxd4 c6 15.
Bf4 Be6 16. a3 Na6 17. Rd1 Bf7 18. Nf3 Nc5 19. Bxd6 Qxd6 20. Qxd6 Bxd6 21. Rxd6
Rfd8 22. Rfd1 Rxd6 23. Rxd6 Bxc4 24. Nd2 Ba6 25. Ne4 Re8 26. f3 Na4 27. b3 Nb6
28. Bf1 Bxf1 29. Kxf1 h6 30. Kf2 Re5 31. Rd8+ Kh7 32. Rb8 Rb5 33. Rxb7 Rxb3 34.
h4 Rb5 35. h5 Nc4 36. Rxb5 cxb5 37. Nc3 Nxa3 38. Ke3 b4 39. Na4 Kg8 40. Kd4 Kf7
41. g4 Kf6 42. f4 Nb5+ 43. Kc4 Nc7 44. Nc5 Ne6 45. Ne4+ Ke7 46. f5 Ng5 47. Nc5
Nf3 48. Nb7 Ne5+ 49. Kc5 Nxg4 50. Nxa5 Kf6 51. Kxb4 Kxf5 52. Kc3 Nf6 53. Kd3 Kf4
54. Nc4 Nxh5 55. Ke2 Ng3+ 56. Kf2 Ne4+ 57. Kg2 g5 58. Nb2 Nc5 59. Nd1 h5 60. Nf2
g4 61. Nd1 h4 62. Nc3 Nd3 63. Nd5+ Ke5 64. Ne3 Kf4 65. Nd5+ Kg5 66. Ne3 Nf4+ 67.
Kf2 Ng6 68. Kg2 Ne7 69. Kf2 Nf5 70. Nd5 h3 71. Nc3 Kh4 72. Ne4 g3+ 73. Kg1 g2
74. Nf2 Nd4 0-1

[Event "25th Czech Rapid G1 2014"]
[Site "Pardubice CZE"]
[Date "2014.07.17"]
[Round "4.39"]
[White "Galchenko, Matvei"]
[Black "Michenka, Jozef"]
[Result "1/2-1/2"]
[BlackTitle "IM"]
[WhiteElo "1878"]
[BlackElo "2326"]
[WhiteFideId "34135992"]
[BlackFideId "301175"]
[EventDate "2014.07.16"]

1. Nf3 Nf6 2. g3 d5 3. Bg2 Bg4 4. h3 Bh5 5. d3 e6 6. O-O Bc5 7. c4 c6 8. Nbd2
O-O 9. Qc2 Nbd7 10. a3 a5 11. Rb1 a4 12. b4 axb3 13. Rxb3 Ra7 14. Bb2 Be7 15.
Bd4 c5 16. Bb2 d4 17. Rb1 Qc7 18. Bc1 Ne8 19. Nf1 b6 20. e4 Bd6 21. Bd2 f6 22.
Qc1 Kh8 23. Bf4 Ra6 24. Bxd6 Qxd6 25. g4 Bf7 26. Ng3 g5 27. Qc2 Bg6 28. Re1 Nc7
29. e5 Nxe5 30. Nxe5 fxe5 31. Qe2 h6 32. Qxe5+ Qxe5 33. Rxe5 Rb8 34. Ne4 Rd8 35.
Nd2 Rd6 36. Re1 Kg7 37. Reb1 Kf6 38. Ne4+ Bxe4 39. Bxe4 Ke7 40. Bb7 Ra7 41. Rxb6
Rxb6 42. Rxb6 Rxa3 43. Be4 Ra5 44. Rb8 Ne8 45. Rb7+ Kd6 46. Rb6+ Ke5 47. Rb8 Nd6
48. Bg6 Kf6 49. Bh7 Kg7 50. Rb6 Kxh7 51. Rxd6 Ra3 52. Rxe6 Rxd3 53. Re5 Rxh3 54.
Rxc5 Rc3 55. Kg2 Kg7 56. Rc6 Kf7 57. c5 d3 58. Rxh6 Rxc5 59. Rd6 Rc3 60. Kf3 Ke7
61. Rd4 Ke6 62. Ke4 Rc2 63. f3 d2 64. Ke3 Rc3+ 65. Ke2 Ke5 66. Rxd2 Kf4 67. Rd4+
Kg3 68. Rd5 Rxf3 69. Rxg5 Rf4 1/2-1/2

[Event "25th Czech Rapid G1 2014"]
[Site "Pardubice CZE"]
[Date "2014.07.17"]
[Round "4.40"]
[White "Kozlitin, Oleg"]
[Black "Lehmann, Holger"]
[Result "1/2-1/2"]
[WhiteTitle "IM"]
[WhiteElo "2331"]
[BlackElo "2185"]
[WhiteFideId "4143590"]
[BlackFideId "4620275"]
[EventDate "2014.07.16"]

1. d4 d5 2. c4 c6 3. Nc3 dxc4 4. a4 e5 5. dxe5 Qxd1+ 6. Nxd1 Na6 7. Bf4 Be6 8.
Nf3 O-O-O 9. Ng5 Nb4 10. Ne3 Bd5 11. O-O-O h6 12. Nf3 Bc5 13. Nxd5 cxd5 14. e3
Ne7 15. Nd4 Bxd4 16. exd4 g5 17. Bd2 Nbc6 18. Bc3 Ng6 19. g3 Kc7 20. Bh3 Rhf8
21. Bf5 Nge7 22. Bc2 f5 23. f4 gxf4 24. gxf4 Rg8 25. Rhg1 Kd7 26. b4 a5 27. bxa5
Ke6 28. Kd2 Ra8 29. Rg3 Rxg3 30. hxg3 Rg8 31. Rh1 Rxg3 32. Rxh6+ Rg6 33. Rh8
Rg2+ 34. Kc1 Ng6 35. Rh5 Nce7 36. Bd2 Rg4 37. Bd1 Rg3 38. Kc2 Nc6 39. Bc3 Nxf4
40. Rh6+ Rg6 41. Rxg6+ Nxg6 42. Kd2 Nge7 43. Ke3 Ng6 44. Bh5 Nce7 45. Bb4 Nh4
46. Bxe7 Kxe7 47. Kf4 Ke6 48. Bd1 Ng6+ 49. Kg5 Ne7 50. Bc2 c3 51. Bb1 Kf7 52.
Kf4 Ke6 53. Ke3 Nc6 54. Kd3 Nxa5 55. Kxc3 Nc6 56. Bd3 f4 57. Bb5 Ne7 58. Kd3 b6
59. Be8 Kf5 60. Bh5 Nc6 61. Bf3 Ne7 62. Kc3 Kg5 63. Kb4 Kh4 64. Kb5 Kg3 65. Be2
f3 66. Bd3 Kf4 67. Kxb6 Ke3 68. Bb5 Kxd4 69. e6 Ke5 70. Kc7 d4 71. a5 Kxe6 72.
a6 Nd5+ 73. Kb7 Kd6 74. a7 Nc7 75. Bd3 f2 76. Bf1 Kd7 77. Kb8 Kc6 78. Kc8 Kb6
79. Kb8 Kc6 1/2-1/2

[Event "25th Czech Rapid G1 2014"]
[Site "Pardubice CZE"]
[Date "2014.07.17"]
[Round "4.41"]
[White "Rozhkov, Viacheslav"]
[Black "Rigopoulos-Tsigkos, Alexandros"]
[Result "1/2-1/2"]
[WhiteTitle "FM"]
[WhiteElo "2327"]
[BlackElo "2052"]
[WhiteFideId "4181484"]
[BlackFideId "4215109"]
[EventDate "2014.07.16"]

1. e4 c5 2. Nf3 e6 3. d4 cxd4 4. Nxd4 a6 5. Nc3 b5 6. g3 Bb7 7. Bg2 Nf6 8. O-O
b4 9. Nd5 exd5 10. exd5 Bc5 11. Re1+ Kf8 12. Nf5 d6 13. Bf4 Bc8 14. Ne7 Ra7 15.
Nc6 Nxc6 16. dxc6 Be6 17. Qd2 h6 18. a3 bxa3 19. b4 Bb6 20. Bxd6+ Kg8 21. Rxa3
Ne8 22. Rd3 Nxd6 23. Rxd6 Qf6 24. c4 Kh7 25. c5 Bc7 26. Qd3+ g6 27. Rexe6 fxe6
28. Rd7+ Kg8 29. Bh3 Rh7 30. Qe3 Be5 31. Qb3 Rf7 32. f4 Bd4+ 33. Kh1 Raxd7 34.
cxd7 Rxd7 35. Bxe6+ Rf7 36. Qd5 Be3 37. Qe4 Bd2 38. c6 Kf8 39. Bxf7 Qxf7 40. Qd4
Be1 41. c7 Qxc7 42. Qh8+ Ke7 43. Qg7+ Kd8 44. Qf8+ Kd7 45. Qf7+ Kd8 46. Qf8+ Kd7
47. Qf7+ Kd8 48. Qf8+ Kd7 49. Qf7+ Kd6 50. Qxg6+ Kd7 51. Qg4+ Ke8 52. Qg8+ Kd7
53. Qf7+ Kd8 1/2-1/2

[Event "25th Czech Rapid G1 2014"]
[Site "Pardubice CZE"]
[Date "2014.07.17"]
[Round "4.42"]
[White "Kratochvil, Karel"]
[Black "Janocko, Petr"]
[Result "1-0"]
[WhiteElo "2164"]
[BlackElo "2039"]
[WhiteFideId "325546"]
[BlackFideId "320099"]
[EventDate "2014.07.16"]

1. d4 Nf6 2. c4 c6 3. Nc3 d5 4. Nf3 g6 5. e3 Bg7 6. Be2 O-O 7. Ne5 Nbd7 8. f4
dxc4 9. Bxc4 Nxe5 10. fxe5 Nd5 11. O-O Nxc3 12. bxc3 Bf5 13. Qf3 b5 14. Bb3 Rc8
15. Ba3 a5 16. e4 Be6 17. Bc5 Qd7 18. h3 a4 19. Bd1 Bc4 20. Rf2 f5 21. Be2 Be6
22. Qe3 fxe4 23. Rxf8+ Rxf8 24. Qxe4 Bd5 25. Qh4 Qf5 26. Rf1 Qc2 27. Qxe7 Rxf1+
28. Bxf1 h5 29. Qg5 Bxa2 30. Qe3 Be6 31. Qg3 Bf5 32. e6 Bxe6 33. Bd3 Qd1+ 34.
Kh2 g5 35. Qb8+ Kf7 36. Qc7+ 1-0

[Event "25th Czech Rapid G1 2014"]
[Site "Pardubice CZE"]
[Date "2014.07.17"]
[Round "4.43"]
[White "Zpevakova, Jana"]
[Black "Musaev, Rasul"]
[Result "1/2-1/2"]
[BlackTitle "FM"]
[WhiteElo "2016"]
[BlackElo "2281"]
[WhiteFideId "334030"]
[BlackFideId "24146870"]
[EventDate "2014.07.16"]

1. d4 Nf6 2. c4 e6 3. Nf3 d5 4. Nc3 c6 5. Bg5 Be7 6. e3 O-O 7. Qc2 Nbd7 8. cxd5
exd5 9. Bd3 Re8 10. h3 Nf8 11. O-O h6 12. Bf4 Bd6 13. Bxd6 Qxd6 14. Rab1 g5 15.
Ne5 Kg7 16. Bf5 Bxf5 17. Qxf5 Qe6 18. Qc2 Ne4 19. b4 Rac8 20. Rfc1 f6 21. Nd3 b6
22. a4 Ng6 23. Qe2 f5 24. Rc2 Nxc3 25. Rxc3 f4 26. Re1 Qf6 27. Qg4 Rc7 28. Rcc1
Rce7 29. Ne5 Nxe5 30. dxe5 Rxe5 31. Qd7+ R8e7 32. Qxc6 Qf7 33. Qc3 Qf6 34. Qd3
f3 35. g3 h5 36. b5 Qe6 37. Rc6 Qf7 38. Rec1 Re4 39. Rd6 Qf5 40. Kh2 h4 41. Rxd5
hxg3+ 42. fxg3 Qf6 43. Rc6 Qb2+ 44. Rc2 Qf6 45. Rc6 Qb2+ 46. Rc2 Qf6 47. Rc6 1/2-1/2

[Event "25th Czech Rapid G1 2014"]
[Site "Pardubice CZE"]
[Date "2014.07.17"]
[Round "4.44"]
[White "Sykora, Josef"]
[Black "Akesson, Ralf"]
[Result "1-0"]
[BlackTitle "GM"]
[WhiteElo "2117"]
[BlackElo "2462"]
[WhiteFideId "313220"]
[BlackFideId "1700120"]
[EventDate "2014.07.16"]

1. c4 f5 2. g3 Nf6 3. Bg2 e5 4. e3 Be7 5. Ne2 O-O 6. Nbc3 d6 7. O-O c6 8. d3 Kh8
9. f4 Be6 10. b3 Nbd7 11. d4 exf4 12. Nxf4 Bg8 13. h3 Qe8 14. Kh2 g5 15. Nd3 Qg6
16. Bb2 Ne4 17. Nxe4 fxe4 18. Nf2 d5 19. cxd5 cxd5 20. Rc1 Bd6 21. Ng4 Qg7 22.
Qe2 a6 23. Rxf8 Rxf8 24. Rf1 Rxf1 25. Bxf1 Be6 26. Kg2 Kg8 27. Nf2 Qf7 28. Ng4
Qf8 29. Ne5 Qg7 30. Nxd7 Bxd7 31. Qh5 Qf6 32. Be2 Kg7 33. Bg4 Bb5 34. Be2 Bd7
35. Bg4 Bc6 36. h4 gxh4 37. Qxh4 Qxh4 38. gxh4 Bb4 39. Bc1 Be1 40. Kh3 Bb5 41.
Be6 Bc6 42. Kg4 Kf6 43. Bc8 a5 44. Kh3 h5 45. a3 b5 46. Ba6 Bd7+ 47. Kg2 Bxh4
48. Bd2 1-0

[Event "25th Czech Rapid G1 2014"]
[Site "Pardubice CZE"]
[Date "2014.07.17"]
[Round "4.46"]
[White "Pulpan, Jakub"]
[Black "Cerveny, Martin"]
[Result "0-1"]
[BlackTitle "FM"]
[WhiteElo "2218"]
[BlackElo "2375"]
[WhiteFideId "302759"]
[BlackFideId "321141"]
[EventDate "2014.07.16"]

1. Nc3 c5 2. e4 a6 3. Nf3 d6 4. d4 cxd4 5. Nxd4 Nf6 6. Bg5 e6 7. f4 Qc7 8. Qf3
b5 9. Bxf6 gxf6 10. f5 b4 11. Nce2 e5 12. Nb3 a5 13. c4 h5 14. h4 Bb7 15. Ng3
Nd7 16. Nxh5 Bh6 17. g4 O-O-O 18. Rg1 Qb6 19. Rg2 a4 20. c5 dxc5 21. Nd2 Bxd2+
22. Rxd2 Nb8 23. Bc4 Rxd2 24. Kxd2 Rd8+ 25. Bd5 Nc6 26. Qd3 Ne7 27. Ke1 Nxd5 28.
exd5 Rxd5 29. Qc4 Rd4 30. Qxf7 Re4+ 31. Kf1 Qb5+ 32. Kg2 0-1

[Event "25th Czech Rapid G1 2014"]
[Site "Pardubice CZE"]
[Date "2014.07.17"]
[Round "4.47"]
[White "Pinter, Erik"]
[Black "Horacek, Michal"]
[Result "1-0"]
[WhiteTitle "IM"]
[WhiteElo "2354"]
[BlackElo "2094"]
[WhiteFideId "14902826"]
[BlackFideId "332526"]
[EventDate "2014.07.16"]

1. e4 d6 2. d4 Nf6 3. Nc3 e5 4. Nf3 Nbd7 5. Bc4 Be7 6. O-O O-O 7. Re1 c6 8. a4
h6 9. a5 Rb8 10. b3 b5 11. axb6 axb6 12. Bd3 b5 13. Ne2 Qc7 14. Ng3 exd4 15. Nf5
Ne5 16. Nxe7+ Qxe7 17. Nxd4 Nfg4 18. Bf4 Qf6 19. Bg3 Nxd3 20. Qxd3 Ne5 21. Qd2
c5 22. Ne2 Bg4 23. Nc3 Be6 24. Ra6 b4 25. Nd5 Qd8 26. Rd1 Bc8 27. Ra7 Bb7 28. f3
Nc6 29. Raa1 Nd4 30. Nxb4 Bxe4 31. fxe4 Rxb4 32. c3 Nxb3 33. Qxd6 Qxd6 34. Bxd6
Nxa1 35. cxb4 Rd8 36. bxc5 Nb3 37. c6 Na5 38. c7 Re8 39. Be7 Nc6 40. Rd8 1-0

[Event "25th Czech Rapid G1 2014"]
[Site "Pardubice CZE"]
[Date "2014.07.17"]
[Round "4.48"]
[White "Korinek, Ondrej"]
[Black "Kratochvil, Milan"]
[Result "1/2-1/2"]
[WhiteTitle "FM"]
[WhiteElo "2331"]
[BlackElo "2195"]
[WhiteFideId "319856"]
[BlackFideId "331015"]
[EventDate "2014.07.16"]

1. e4 e5 2. Nf3 Nf6 3. Nc3 Nc6 4. Bb5 Bb4 5. O-O O-O 6. d3 d6 7. h3 Qe7 8. Bg5
Bxc3 9. bxc3 Nd8 10. Kh2 Ne6 11. Be3 Rd8 12. Qe2 Nf8 13. Bd2 Ng6 14. g3 Be6 15.
Ng5 c6 16. Ba4 d5 17. Nxe6 fxe6 18. exd5 exd5 19. Bb3 Rf8 20. Rae1 Rae8 21. c4
d4 22. c3 Nd7 23. cxd4 exd4 24. Qxe7 Rxe7 25. Rxe7 Nxe7 26. Kg2 Ng6 27. f4 Re8
28. Re1 Rxe1 29. Bxe1 Kf7 30. Bf2 c5 31. Bd1 Ke7 32. Bf3 b6 33. h4 Kd6 34. h5
Ne7 35. g4 g6 36. hxg6 hxg6 37. Bh4 Ke6 38. Be4 Nf6 39. Bf3 Nd7 40. Kf2 a6 41.
Bb7 Nb8 42. Bg3 Nbc6 43. a3 b5 44. Bxa6 b4 45. axb4 Nxb4 46. Bb5 Nxd3+ 47. Kf3
Nb2 48. Ke4 Nd1 49. Ba6 Nc3+ 50. Kd3 Nc6 51. Bc8+ Kf7 52. Bb7 Nb4+ 53. Kd2 Nb1+
54. Ke2 Na3 55. Be1 Nac2 56. Bd2 Kf6 57. Be4 Na3 58. Bxb4 cxb4 59. c5 b3 60. c6
Nb5 61. Bd3 Nc7 62. g5+ Ke7 63. Bxg6 Ne6 64. Kf3 Kd6 65. Be4 b2 66. Kg4 Nc5 67.
Bb1 d3 68. Kf3 d2 69. Ke2 Ne6 70. Kxd2 Nxf4 71. Kc3 1/2-1/2

[Event "25th Czech Rapid G1 2014"]
[Site "Pardubice CZE"]
[Date "2014.07.17"]
[Round "4.49"]
[White "Marutkins, Olegs"]
[Black "Bystrov, Sergej M."]
[Result "1/2-1/2"]
[BlackTitle "IM"]
[WhiteElo "2081"]
[BlackElo "2280"]
[WhiteFideId "11600012"]
[BlackFideId "4118561"]
[EventDate "2014.07.16"]

1. e4 c5 2. Nf3 Nf6 3. Nc3 d5 4. exd5 Nxd5 5. Bb5+ Bd7 6. Qe2 Nxc3 7. dxc3 Nc6
8. Bf4 a6 9. Bd3 g6 10. h4 Bg7 11. h5 Bg4 12. hxg6 hxg6 13. Rxh8+ Bxh8 14. O-O-O
Qa5 15. Kb1 O-O-O 16. Bc4 e5 17. Rxd8+ Qxd8 18. Bc1 Qe7 19. Bd5 Bd7 20. Nd2 f5
21. Nb3 Nb8 22. Be3 b6 23. f3 Bf6 24. Qd2 Kc7 25. Nc1 Qd6 26. c4 Nc6 27. a4 a5
28. Na2 Ne7 29. Nc3 Bc6 30. Qe2 Qd7 31. Bf7 Qd6 32. Qf1 e4 33. fxe4 fxe4 34. g4
Be5 35. Qf2 Bd4 36. Qf4 Bxe3 37. Qxe3 Qe5 38. Kc1 g5 39. Kb1 Kd7 40. Kc1 Qf4 41.
Kd2 Kd6 42. Bh5 Ke5 43. Ne2 Qxe3+ 44. Kxe3 Bxa4 45. b3 Bc6 46. Ng1 Ng8 47. Nh3
a4 48. bxa4 Bxa4 49. c3 Kf6 50. Nf2 Bc6 51. Nxe4+ Bxe4 52. Kxe4 Ke6 53. Bg6 Nf6+
54. Kf3 Ke5 55. Bf5 Ne8 56. Ke3 Nd6 57. Bd3 Nb7 58. Be4 Na5 59. Bd5 b5 60. Bg8
b4 61. cxb4 cxb4 62. c5 b3 63. Kd3 b2 64. Kc2 Kd4 65. Kxb2 Kxc5 66. Kc3 1/2-1/2

[Event "25th Czech Rapid G1 2014"]
[Site "Pardubice CZE"]
[Date "2014.07.17"]
[Round "4.50"]
[White "Hoegener, Claude"]
[Black "Priasmoro, Novendra"]
[Result "1-0"]
[WhiteElo "2083"]
[BlackElo "2282"]
[WhiteFideId "4000978"]
[BlackFideId "7105029"]
[EventDate "2014.07.16"]

1. d4 Nf6 2. Nf3 g6 3. Bg5 Bg7 4. Nbd2 d5 5. c3 O-O 6. Bxf6 Bxf6 7. e4 dxe4 8.
Nxe4 Bg7 9. Bd3 b6 10. Qc2 Bb7 11. h4 Nd7 12. O-O-O Nf6 13. Nxf6+ exf6 14. h5 f5
15. hxg6 hxg6 16. Rh2 Qd6 17. Rdh1 c5 18. dxc5 Qxc5 19. Qd2 Rfd8 20. Rh7 Qf8 21.
Qe3 Rac8 22. Bc2 Rc4 23. Nd2 Rc7 24. Qh3 f6 25. Bb3+ Bd5 26. Bxd5+ Rxd5 27. Rh8+
Bxh8 28. Qxh8+ Kf7 29. Rh7+ Ke8 30. Qxf8+ Kxf8 31. Rxc7 Ra5 32. a3 f4 33. Nc4
Rg5 34. Kd2 Rxg2 35. Ke2 g5 36. Kf3 Rg1 37. Nd6 Rb1 38. b4 Rb3 39. Ke4 Rb2 40.
Kf5 Rd2 41. Ne4 Re2 42. Nxf6 1-0

[Event "25th Czech Rapid G1 2014"]
[Site "Pardubice CZE"]
[Date "2014.07.17"]
[Round "4.51"]
[White "Skaloud, Dusan"]
[Black "Tokranovs, Dmitrijs"]
[Result "0-1"]
[WhiteElo "1950"]
[BlackElo "2297"]
[WhiteFideId "339610"]
[BlackFideId "11603011"]
[EventDate "2014.07.16"]

1. Nf3 d5 2. d4 c6 3. Ne5 Nd7 4. Nd3 Ngf6 5. Nd2 e6 6. Nf3 c5 7. e3 Bd6 8. Nfe5
c4 9. Nxd7 Nxd7 10. Nf4 O-O 11. g3 b5 12. h4 Qe7 13. Bg2 Bb7 14. O-O Rad8 15.
Bd2 Bc7 16. b4 Nb6 17. Ne2 f6 18. Nc3 Bc6 19. a4 Nxa4 20. Nxa4 bxa4 21. Re1 f5
22. f4 Bd6 23. c3 a5 24. bxa5 Ra8 25. Kf2 Rxa5 26. Rh1 a3 27. g4 Rb8 28. Kg3 Ba4
29. Qe1 Bc2 30. g5 a2 31. Bf3 Rb1 32. Qf2 Qb7 33. Rc1 Qb2 34. Qe1 Qxa1 35. h5
Rxc1 36. Bxc1 Ba3 37. g6 Qxc1 38. Qe2 a1=Q 39. gxh7+ Kxh7 40. Qh2 Qg1+ 0-1

[Event "25th Czech Rapid G1 2014"]
[Site "Pardubice CZE"]
[Date "2014.07.17"]
[Round "4.52"]
[White "Vachtfeidl, Petr"]
[Black "Semenova, Elena1"]
[Result "0-1"]
[BlackTitle "WIM"]
[WhiteElo "1996"]
[BlackElo "2215"]
[WhiteFideId "315028"]
[BlackFideId "24125148"]
[EventDate "2014.07.16"]

1. e4 e5 2. Nf3 Nc6 3. Bb5 a6 4. Ba4 Nge7 5. c3 g6 6. d4 exd4 7. cxd4 b5 8. Bb3
Bg7 9. O-O O-O 10. Nc3 d6 11. h3 Bb7 12. a3 Na5 13. Ba2 c5 14. b4 Nac6 15. Be3
cxb4 16. axb4 Nxb4 17. Bb3 Rc8 18. Qd2 d5 19. e5 Nbc6 20. Rfc1 Na5 21. Ba2 Nc4
22. Qe2 Qd7 23. Bb3 Nf5 24. g4 Nfxe3 25. fxe3 f6 26. Bxc4 Rxc4 27. Nd2 Rc7 28.
exf6 Bxf6 29. Nb3 Qd6 30. Qg2 Bg5 31. Nd1 Rcf7 32. Nc5 Kg7 33. Ra3 Bc8 34. Nd3
Qf6 35. Ne5 Qf1+ 36. Qxf1 Rxf1+ 37. Kg2 Re1 38. Rac3 Be6 39. Rc6 Bg8 40. Rxa6
Re2+ 41. Kg3 b4 42. Rc7+ Kh8 43. Rxg6 Bxe3 44. Ra6 Bxd4 45. Nf3 Bg7 46. Nf2 Re3
47. Raa7 Rexf3+ 48. Kh4 Bf6+ 49. g5 Bd8 50. Rg7 Rxf2 51. Kh5 R8f7 0-1

[Event "25th Czech Rapid G1 2014"]
[Site "Pardubice CZE"]
[Date "2014.07.17"]
[Round "4.53"]
[White "Travkina, Anastasia"]
[Black "Solovyev, Anton"]
[Result "1-0"]
[WhiteTitle "WFM"]
[WhiteElo "2200"]
[BlackElo "2021"]
[WhiteFideId "24129151"]
[BlackFideId "24170330"]
[EventDate "2014.07.16"]

1. e4 e6 2. d4 d5 3. Nc3 Bb4 4. e5 c5 5. a3 Bxc3+ 6. bxc3 Qa5 7. Bd2 Qa4 8. Nf3
Ne7 9. h4 Nbc6 10. h5 h6 11. Rh4 Nf5 12. Rf4 c4 13. Nh4 Nxh4 14. Rxh4 Bd7 15.
Rg4 Rh7 16. Rf4 Ne7 17. g4 g6 18. Rf6 O-O-O 19. Qf3 Be8 20. hxg6 Nxg6 21. Kd1
Qb5 22. Kc1 Rd7 23. Qh3 Rc7 24. f4 Rc6 25. a4 Qa5 26. f5 Ne7 27. fxe6 Rxe6 28.
g5 Bd7 29. Qh5 Rxf6 30. exf6 Ng8 31. g6 fxg6 32. Qxg6 Nxf6 33. Qxf6 h5 34. Bf4 1-0

[Event "25th Czech Rapid G1 2014"]
[Site "Pardubice CZE"]
[Date "2014.07.17"]
[Round "4.54"]
[White "Kopriva, Martin"]
[Black "Kutynec, Vladimir"]
[Result "0-1"]
[BlackTitle "IM"]
[WhiteElo "1871"]
[BlackElo "2305"]
[WhiteFideId "357740"]
[BlackFideId "4119843"]
[EventDate "2014.07.16"]

1. e4 c5 2. Nf3 Nc6 3. d4 cxd4 4. Nxd4 g6 5. Nc3 Bg7 6. Be3 Nf6 7. Nxc6 bxc6 8.
e5 Ng8 9. f4 Nh6 10. Be2 Nf5 11. Bf2 h5 12. O-O f6 13. exf6 Bxf6 14. Qd3 a5 15.
Rad1 Ba6 16. Qf3 Bxe2 17. Qxe2 O-O 18. Rd3 a4 19. Rfd1 Nd6 20. Ne4 Nxe4 21. Qxe4
d5 22. Qxg6+ Bg7 23. Qxc6 Qc8 24. Qxd5+ Rf7 25. Qxh5 Qxc2 26. Bd4 Raf8 27. Rg3
e5 28. Bxe5 Qc5+ 29. Bd4 Qxh5 0-1

[Event "25th Czech Rapid G1 2014"]
[Site "Pardubice CZE"]
[Date "2014.07.17"]
[Round "4.55"]
[White "Blecha, Miroslav"]
[Black "Chernyshova, Natalia"]
[Result "1-0"]
[WhiteElo "2225"]
[BlackElo "2129"]
[WhiteFideId "311758"]
[BlackFideId "24143219"]
[EventDate "2014.07.16"]

1. e4 c5 2. Nf3 Nc6 3. Bb5 g6 4. Bxc6 dxc6 5. O-O Bg4 6. h3 Bxf3 7. Qxf3 Bg7 8.
d3 Qb6 9. c3 Rd8 10. Na3 Qa6 11. Rd1 b5 12. Nc2 Nf6 13. Be3 Nd7 14. Qe2 e5 15.
f4 exf4 16. Bxf4 O-O 17. Qf2 f5 18. Bd6 Rf7 19. exf5 Rxf5 20. Qe3 Nf6 21. Qe6+
Kh8 22. Re1 Qc8 23. Qxc8 Rxc8 24. Ne3 Rh5 25. g4 Rxh3 26. Kg2 Rxe3 27. Rxe3 Nxg4
28. Re7 Bf8 29. Rd7 Bxd6 30. Rxd6 Ne3+ 31. Kf3 Nd5 32. Rh1 Kg8 33. Rd7 Rf8+ 34.
Kg3 h5 35. Rd6 Rf6 36. Rxf6 Nxf6 37. Kf4 Kg7 38. Ke5 g5 39. Kf5 g4 40. Kg5 c4
41. dxc4 bxc4 42. Re1 Nd5 43. Kxh5 g3 44. Kg4 g2 45. Kf3 Kf6 46. Kxg2 Nf4+ 47.
Kf3 Nd3 48. Re2 Kf5 49. Rh2 Ke5 50. Ke3 c5 51. b3 Kd5 52. Rd2 Ke6 53. Rxd3 cxd3
54. Kxd3 Kd5 55. c4+ Ke5 56. Ke3 a5 57. a3 Kf5 58. Kd3 Ke5 59. Kc3 Kd6 60. Kd3
Ke5 61. Ke3 Kf5 62. Kd3 Ke5 63. Kc3 Kd6 64. Kc2 Kd7 65. Kd3 Ke7 66. Ke4 Ke6 67.
Kf4 Kf6 68. Ke3 Ke5 69. Kd3 Kf5 70. Kc3 Ke5 71. b4 cxb4+ 72. axb4 axb4+ 73. Kxb4
Kd6 74. Kb5 Kc7 75. Kc5 Kd7 76. Kb6 Kc8 77. Kc6 Kb8 78. Kd7 Kb7 79. c5 1-0